000 00377 a2200169 4500
001 190003
020 _a85-04-00710-3
040 _cMagnum
100 _aMurray, Roseana Kligerman
240 1 0 _aNo mundo da lua
_lpor
245 1 0 _aNo mundo da lua
300 _a36
362 0 _a2004
440 1 _aCompanhia Editora Nacional
697 _aLITERATURA INFANTO
942 _cBK
999 _c190003
_d190003